[Event "Druzynowe Mistrzostwa Polski Juniorow - II Liga"]
[Site "Iwonicz"]
[Date "2016-07-31"]
[Round "2.51"]
[White "Krolak, Kacper"]
[Black "Kukula, Karol"]
[Result "0-1"]
[WhiteTitle "III"]
[BlackTitle "II"]
[WhiteElo "1174"]
[BlackElo "1550"]

1. e4 c5 2. c3 e5 3. Nf3 Nc6 4. Bb5 Nf6 5. O-O d6 6. d4 Bd7 7. d5 Ne7 8. Bxd7+
Qxd7 9. Re1 Ng6 10. c4 Be7 11. Nc3 O-O 12. a3 Ne8 13. b4 b6 14. Bd2 f5 15. exf5
Qxf5 16. Ne4 Nf6 17. Qc2 Nh5 18. Rac1 Nhf4 19. Ng3 Qf7 20. Bxf4 Nxf4 21. bxc5
Nxg2 22. Kxg2 Qxf3+ 23. Kg1 bxc5 24. Re3 Qf7 25. Rb1 Rab8 26. Ne4 Rxb1+ 27. Qxb1
Bh4 28. Qc2 Qg6+ 29. Rg3 Bxg3 30. fxg3 Qf5 31. Qe2 Qd7 32. Qc2 Qc7 33. Ng5 g6
34. Ne6 Qf7 35. Nxf8 Qxf8 36. Qb1 Qe7 37. Qe4 Kg7 38. Kg2 Qg5 39. Kf3 Qf5+ 40.
Qxf5 gxf5 41. h3 Kg6 42. Ke3 Kg5 43. Kf3 f4 44. gxf4+ exf4 45. h4+ Kf5 0-1

[Event "Druzynowe Mistrzostwa Polski Juniorow - II Liga"]
[Site "Iwonicz"]
[Date "2016-07-31"]
[Round "2.53"]
[White "Parol, Pola"]
[Black "Wojcik, Jagoda"]
[Result "1-0"]
[WhiteTitle "k"]
[BlackTitle "I+"]
[WhiteElo "1817"]
[BlackElo "1609"]

1. e4 c5 2. Nf3 e6 3. d4 cxd4 4. Nxd4 Nf6 5. Nc3 Nc6 6. Nxc6 bxc6 7. e5 Nd5 8.
Ne4 Qc7 9. f4 Qb6 10. c4 Ne3 11. Qd3 Nf5 12. g4 Nd4 13. Bg2 Rb8 14. Bd2 Bb4 15.
Bc3 O-O 16. Rd1 c5 17. Ng5 g6 18. Qh3 h5 19. gxh5 Kg7 20. h6+ Kh8 21. O-O Bxc3
22. bxc3 Nf5 23. Ne4 Ba6 24. Nf6 Bxc4 25. Nxd7 Bxf1 26. Nxb6 Bxg2 27. Qxg2 Rxb6
28. Qg5 Rb7 29. h4 Kh7 30. Kh1 Rfb8 31. Qf6 Nxh6 32. h5 Rg8 33. Rg1 gxh5 34. Rg5
Rxg5 35. fxg5 Nf5 36. a4 c4 37. a5 a6 38. g6+ fxg6 39. Qxe6 Re7 40. Qxc4 Rxe5
41. Qxa6 Re1+ 42. Kh2 Rc1 43. Qd3 Ra1 44. a6 Ra5 45. Qd7+ Kh6 46. a7 Ra2+ 47.
Kg1 h4 48. Qb7 h3 49. Qf3 Rxa7 50. Qxh3+ Kg5 51. Qg2+ Kf6 52. Qc6+ Kg5 53. Qf3
Rc7 54. Qd3 Rc6 55. c4 Rd6 56. Qf3 Kf6 57. c5 Rd8 58. Qc6+ Kg5 59. Qc7 Rd1+ 60.
Kf2 Rc1 61. c6 Rc2+ 62. Ke1 Kg4 63. Qd7 Kf4 64. c7 g5 65. Qa4+ 1-0

[Event "Druzynowe Mistrzostwa Polski Juniorow - II Liga"]
[Site "Iwonicz"]
[Date "2016-07-31"]
[Round "2.54"]
[White "Pisarek, Elzbieta"]
[Black "Zaborowska, Maria"]
[Result "1/2-1/2"]
[WhiteTitle "I"]
[BlackTitle "I"]
[WhiteElo "1351"]
[BlackElo "1215"]

1. e4 c5 2. Nf3 e6 3. d4 cxd4 4. Nxd4 a6 5. Bd3 Qc7 6. O-O b5 7. Qe2 Bb7 8. f4
d6 9. a4 b4 10. c3 bxc3 11. Nxc3 Nd7 12. Be3 Ngf6 13. Rac1 Nc5 14. Bb1 Qd7 15.
e5 Nd5 16. Nxd5 Bxd5 17. a5 Rb8 18. Nf3 Qb5 19. Qxb5+ Rxb5 20. exd6 Bxd6 21. b4
Nb7 22. Rc8+ Nd8 23. Bd3 Rxb4 24. Bxa6 O-O 25. Ne5 Rb2 26. Nf3 Nc6 27. Rxf8+ Kxf8
28. Ra1 Bc7 29. Bc5+ Ke8 30. Rc1 Bxa5 31. Rf1 Bb6 32. Bxb6 Rxb6 33. Bd3 h6 34.
Be2 Rb2 35. Bd3 Rb3 1/2-1/2

[Event "Druzynowe Mistrzostwa Polski Juniorow - II Liga"]
[Site "Iwonicz"]
[Date "2016-07-31"]
[Round "2.55"]
[White "Klepek, Witold"]
[Black "Zylinski, Piotr"]
[Result "1-0"]
[WhiteTitle "k"]
[BlackTitle "I"]
[WhiteElo "2139"]
[BlackElo "1577"]

1. e4 Nf6 2. e5 Nd5 3. d4 d6 4. c4 Nb6 5. exd6 cxd6 6. Nc3 g6 7. Be3 Bg7 8. Rc1
O-O 9. b3 Nc6 10. Be2 Bf5 11. Nf3 Rc8 12. d5 Ne5 13. Nd4 h5 14. Nxf5 gxf5 15.
Bxh5 e6 16. O-O Kh7 17. f4 Ng6 18. dxe6 fxe6 19. Bd4 Bh6 20. Bxg6+ Kxg6 21. Qe2
Re8 22. Rcd1 d5 23. Rf3 dxc4 24. Rg3+ Kh7 25. Qh5 Rg8 26. Qf7+ Bg7 27. Qg6+ Kh8
28. Qh6# 1-0

[Event "Druzynowe Mistrzostwa Polski Juniorow - II Liga"]
[Site "Iwonicz"]
[Date "2016-07-31"]
[Round "2.56"]
[White "Radecki, Adam"]
[Black "Piela, Dominik"]
[Result "0-1"]
[WhiteTitle "I"]
[BlackTitle "I"]
[WhiteElo "1595"]
[BlackElo "1656"]

1. e4 c5 2. Nf3 e6 3. d4 cxd4 4. Nxd4 Nf6 5. Nc3 d6 6. Be2 a6 7. Be3 Be7 8. f4
Qc7 9. O-O b5 10. Bf3 Bb7 11. Qd3 Nbd7 12. Nde2 Rc8 13. a3 O-O 14. Kh1 Rfd8 15.
b4 Nb6 16. Bxb6 Qxb6 17. f5 Rc7 18. fxe6 fxe6 19. Rad1 Rdc8 20. Qd2 Rc4 21. Qf4
Rxc3 22. Nxc3 Rxc3 23. Bg4 Qe3 24. Bxe6+ Kh8 25. Qh4 Qxe4 26. Qxe4 Bxe4 27. Rde1
Rxc2 28. Bh3 g5 29. Rxe4 Nxe4 30. Bf5 Rf2 31. Rxf2 Nxf2+ 32. Kg1 Nd1 33. Bc8 Nc3
34. Bxa6 Kg7 35. Kf2 Bf6 36. Kf3 Be5 37. h3 Bf4 38. h4 Kf6 39. Bc8 Bc1 40. hxg5+
Kxg5 41. g4 Bxa3 0-1

[Event "Druzynowe Mistrzostwa Polski Juniorow - II Liga"]
[Site "Iwonicz"]
[Date "2016-07-31"]
[Round "2.57"]
[White "Kozubek, Krystian"]
[Black "Panek, Bartosz"]
[Result "1-0"]
[WhiteTitle "II"]
[BlackTitle "II+"]
[WhiteElo "1136"]
[BlackElo "1679"]

1. e4 e6 2. d4 d5 3. exd5 exd5 4. Bd3 Nc6 5. c3 Bd6 6. Nf3 Bg4 7. O-O Nge7 8. Nbd2
Qd7 9. b4 Ng6 10. Re1+ Nce7 11. Qb3 c6 12. a4 O-O 13. Ba3 Nf4 14. Bf1 Neg6 15.
b5 Bxa3 16. Qxa3 Rfe8 17. bxc6 bxc6 18. Qc5 Bf5 19. Qa5 Bd3 20. h3 Bxf1 21. Nxf1
Nxg2 22. Kxg2 Nf4+ 23. Kg3 Qxh3+ 24. Kxf4 g5+ 25. Kxg5 f5 26. N1h2 h6+ 27. Kf4
Re4+ 28. Rxe4 fxe4 29. Rg1+ Kh8 30. Rg3 Rf8+ 31. Ke3 Qf5 32. Qc7 Rf7 33. Qe5+
Qxe5 34. Nxe5 Rc7 35. Rg6 c5 36. Rxh6+ Kg7 37. Rc6 cxd4+ 38. Kxd4 Rb7 39. Kxd5
Rb1 40. Kxe4 Re1+ 41. Kf3 Rxe5 42. Rc7+ Kg6 43. Rxa7 Rc5 44. Re7 Rxc3+ 45. Re3
Rc5 46. Ra3 Ra5 47. Ng4 Kg5 48. Ne3 1-0

[Event "Druzynowe Mistrzostwa Polski Juniorow - II Liga"]
[Site "Iwonicz"]
[Date "2016-07-31"]
[Round "2.58"]
[White "Piechota, Kamil"]
[Black "Gradalski, Olaf"]
[Result "1/2-1/2"]
[WhiteTitle "II"]
[BlackTitle "II"]
[WhiteElo "1337"]
[BlackElo "1144"]

1. e4 d5 2. exd5 Qxd5 3. Nc3 Qd6 4. d4 Nf6 5. Bd3 c6 6. Nge2 Bg4 7. f3 Bh5 8. Bf4
Qd8 9. Qd2 e6 10. Be5 Bd6 11. Qg5 Bg6 12. Bxg6 hxg6 13. O-O-O Qe7 14. Ng3 Nbd7
15. Bxd6 Qxd6 16. Nge4 Qc7 17. g3 O-O-O 18. Rd2 Rh5 19. Qe3 Nxe4 20. Nxe4 Nf6
21. Nc3 Nd5 22. Nxd5 Rhxd5 23. Rhd1 Qa5 24. a3 Qc7 25. Qc3 Qb6 26. Qe3 Qc7 27.
Qc3 Qb6 28. Qe3 Qc7 29. Qc3 1/2-1/2

[Event "Druzynowe Mistrzostwa Polski Juniorow - II Liga"]
[Site "Iwonicz"]
[Date "2016-07-31"]
[Round "2.59"]
[White "Gredka, Dominika"]
[Black "Robakowska, Paulina"]
[Result "1-0"]
[WhiteTitle "I++"]
[BlackTitle "I"]
[WhiteElo "1687"]
[BlackElo "1341"]

1. e4 c5 2. c4 Nc6 3. Nc3 Nf6 4. g3 d6 5. Bg2 g6 6. d3 Bg7 7. Nge2 Nd7 8. O-O O-O
9. f4 e6 10. h3 f5 11. Kh2 Kh8 12. Be3 Nf6 13. d4 cxd4 14. Nxd4 Nxd4 15. Bxd4
a6 16. exf5 exf5 17. Qd3 Qc7 18. Rad1 Rd8 19. Na4 Qf7 20. Bb6 Re8 21. Rfe1 Be6
22. b3 Bf8 23. Bd4 Rab8 24. Nb6 Kg8 25. Bc3 Red8 26. Ba5 Re8 27. Bb4 Red8 28.
Ba5 Re8 29. Qd4 Be7 30. Re2 Bf8 31. Ree1 Be7 32. Rd2 Bf8 33. Red1 Be7 34. Rd3
Bf8 35. Bc3 Be7 36. Nd5 Rf8 37. Nxe7+ Qxe7 38. Qxd6 Qf7 39. R3d2 Nh5 40. Qe5 Ng7
41. Re1 Rfe8 42. Qxg7+ Qxg7 43. Bxg7 Kxg7 44. Rde2 Kf7 45. Rxe6 Rxe6 46. Bd5 Rbe8
47. Rxe6 Rxe6 48. Kg2 Ke7 49. Bxe6 Kxe6 50. Kf3 Kd6 51. b4 b6 52. Ke3 a5 53. a3
a4 54. Kd4 h5 55. c5+ Kc6 56. cxb6 Kxb6 57. Kc4 Kc6 58. b5+ Kb7 59. Kb4 Ka7 60.
Kxa4 Kb6 61. Kb4 Kb7 62. a4 Ka7 63. a5 Kb7 64. Kc5 Kc7 65. a6 Kb8 66. Kc6 Ka8
67. Kc7 g5 68. b6 gxf4 69. b7+ Ka7 70. b8=Q+ Kxa6 71. Qb6# 1-0

[Event "Druzynowe Mistrzostwa Polski Juniorow - II Liga"]
[Site "Iwonicz"]
[Date "2016-07-31"]
[Round "2.61"]
[White "Zarnowski, Krzysztof"]
[Black "Tokarz, Krzysztof"]
[Result "1/2-1/2"]
[WhiteTitle "I++"]
[BlackTitle "II+"]
[WhiteElo "2034"]
[BlackElo "1637"]

1. d4 d5 2. c4 c6 3. Nf3 Nf6 4. Nc3 a6 5. e3 b5 6. cxd5 cxd5 7. Bd3 Bg4 8. h3 Bh5
9. e4 dxe4 10. Nxe4 Nbd7 11. O-O e6 12. Bf4 Nb6 13. Rc1 Nbd5 14. Bg3 Be7 15. a4
Bxf3 16. Qxf3 bxa4 17. Nc5 O-O 18. Nxa4 Rc8 19. Nc5 Nb4 20. Rfd1 Nxd3 21. Qxd3
Qb6 22. b3 a5 23. Rc4 Rfd8 24. Rdc1 Qb5 25. Qc2 Ra8 26. Bc7 Re8 27. Be5 Nd5 28.
Ne4 Qd7 29. Qd1 Rec8 30. Nc5 Qe8 31. Qg4 Bf6 32. Ne4 Bxe5 33. dxe5 Qd8 34. Nf6+
Nxf6 35. exf6 g6 36. Qf4 Rxc4 37. bxc4 Qb8 38. Qg5 a4 39. c5 a3 40. c6 a2 41.
c7 Qxc7 42. Rxc7 a1=Q+ 43. Kh2 Qd4 44. Rc2 Qd8 45. Rd2 Qf8 46. Rd4 Rc8 47. Qd2
h6 48. Rd7 Kh7 49. Re7 Rd8 50. Rxf7+ Qxf7 51. Qxd8 g5 52. Qd3+ Kg8 53. Qd4 Kh7
54. g4 Kg6 55. Qd8 e5 56. Qd3+ Kxf6 57. Qf5+ Kg7 58. Qxe5+ Kg6 59. Kg3 Qb3+ 60.
Qe3 Qb8+ 61. Kf3 Qf8+ 62. Ke2 Qf6 63. Qe4+ Kg7 64. Qb7+ Kg6 65. Qd5 Kg7 66. Qe4
Qb2+ 67. Ke3 Qc3+ 68. Qd3 Qe5+ 69. Kd2 Qb2+ 1/2-1/2

[Event "Druzynowe Mistrzostwa Polski Juniorow - II Liga"]
[Site "Iwonicz"]
[Date "2016-07-31"]
[Round "2.62"]
[White "Szczuraszyk, Jaroslaw"]
[Black "Kozubal, Aleksandra"]
[Result "1-0"]
[WhiteTitle "II"]
[BlackTitle "I++"]
[WhiteElo "1643"]
[BlackElo "1687"]

1. d4 d5 2. c4 c6 3. Nc3 a6 4. e4 dxc4 5. Bxc4 Nf6 6. Nf3 b5 7. Bd3 Bg4 8. Be3
e6 9. Qc2 Qa5 10. O-O Bxf3 11. gxf3 Nbd7 12. a3 Rc8 13. b4 Qc7 14. e5 Nh5 15.
Ne4 Qd8 16. Rfc1 Qh4 17. Bg5 Qh3 18. Ng3 Nxg3 19. hxg3 f5 20. Bh4 f4 21. Bg6+
hxg6 22. Qxg6# 1-0

[Event "Druzynowe Mistrzostwa Polski Juniorow - II Liga"]
[Site "Iwonicz"]
[Date "2016-07-31"]
[Round "2.63"]
[White "Bober, Tomasz"]
[Black "Mazurek, Bartosz"]
[Result "1-0"]
[WhiteTitle "II"]
[BlackTitle "II"]
[WhiteElo "1210"]
[BlackElo "1462"]

1. d4 d5 2. c4 e6 3. a3 Nf6 4. Bf4 Bd6 5. Bxd6 Qxd6 6. Nc3 O-O 7. e3 c6 8. Nf3
Nbd7 9. Be2 Re8 10. O-O Nf8 11. Ne5 N6d7 12. c5 Qc7 13. f4 f6 14. Nd3 Ng6 15.
Bh5 Ndf8 16. Rc1 Re7 17. Rc2 Nh8 18. Rcf2 Nf7 19. b4 Nh6 20. a4 Bd7 21. b5 Rb8
22. Rb2 Qa5 23. Qc2 Nf5 24. Re1 Ng6 25. Kf2 Nh6 26. Bxg6 hxg6 27. Nb4 cxb5 28.
axb5 Be8 29. Ra2 Qxb4 30. Rb1 Qc4 31. Ra4 Bxb5 32. Rxc4 Bxc4 33. Nb5 Nf7 34. Nxa7
Ra8 35. Ra1 Rb8 36. Kf3 g5 37. Rb1 gxf4 38. Nc6 Ng5+ 39. Kf2 Ne4+ 40. Kg1 bxc6
41. Rxb8+ Kf7 42. exf4 Ra7 43. h3 Bb5 44. Qd1 Be2 1-0

[Event "Druzynowe Mistrzostwa Polski Juniorow - II Liga"]
[Site "Iwonicz"]
[Date "2016-07-31"]
[Round "2.64"]
[White "Kebel, Bartosz"]
[Black "Tomkiewicz, Szymon"]
[Result "0-1"]
[WhiteTitle "II"]
[BlackTitle "II"]
[WhiteElo "1308"]
[BlackElo "1268"]

1. d4 d5 2. c4 e6 3. Nc3 Nf6 4. Bg5 Bb4 5. e3 Bxc3+ 6. bxc3 Nc6 7. Bd3 O-O 8. Nf3
b6 9. Qc2 h6 10. Bh4 Ba6 11. cxd5 Bxd3 12. Qxd3 Qxd5 13. Bxf6 gxf6 14. O-O Kh8
15. e4 Qh5 16. Kh1 Rg8 17. Rg1 Ne7 18. Qc4 Rac8 19. Qa4 Ng6 20. g4 Qa5 21. Qxa5
bxa5 22. Rab1 Nf4 23. Rb3 Nh3 24. Rf1 Rxg4 25. e5 Rcg8 26. exf6 Rf4 27. c4 Rxf6
28. Nd2 Nxf2+ 29. Rxf2 Rxf2 0-1

[Event "Druzynowe Mistrzostwa Polski Juniorow - II Liga"]
[Site "Iwonicz"]
[Date "2016-07-31"]
[Round "2.65"]
[White "Jurkiewicz, Zuzanna"]
[Black "Tomaszek, Katarzyna"]
[Result "1-0"]
[WhiteTitle "I+"]
[BlackTitle "II"]
[WhiteElo "1657"]
[BlackElo "1124"]

1. e4 c6 2. Nc3 d5 3. Nf3 Bg4 4. exd5 cxd5 5. Bb5+ Nc6 6. d4 e6 7. O-O Nf6 8. h3
Bh5 9. Qd3 Bg6 10. Qe2 Bd6 11. Bg5 O-O 12. Nd1 Rc8 13. c3 Qb6 14. Bxf6 gxf6 15.
Ne3 a6 16. Ba4 Rc7 17. Ng4 Kg7 18. Qd2 Be7 19. Qh6+ Kg8 20. Qf4 Rfc8 21. Bb3 Na5
22. Nd2 Kg7 23. h4 Nc4 24. h5 f5 25. hxg6 fxg4 26. Qxf7+ Kh6 27. Qxh7+ Kg5 28.
f4+ Kf6 29. Qf7# 1-0

[Event "Druzynowe Mistrzostwa Polski Juniorow - II Liga"]
[Site "Iwonicz"]
[Date "2016-07-31"]
[Round "2.66"]
[White "Scisla, Oliwia"]
[Black "Mazurek, Maja"]
[Result "1-0"]
[WhiteTitle "I"]
[BlackTitle "II"]
[WhiteElo "1148"]
[BlackElo "1103"]

1. e4 c6 2. Nc3 d5 3. d4 dxe4 4. Nxe4 Bf5 5. Ng3 Bg6 6. N1e2 Nf6 7. Nf4 e6 8. Bc4
Be7 9. h4 h6 10. Nxg6 fxg6 11. Bxe6 Bb4+ 12. Bd2 Qxd4 13. c3 Qe5+ 14. Qe2 Qxe2+
15. Nxe2 Bd6 16. Bf4 Bc5 17. Be5 Rf8 18. Nf4 g5 19. Ng6 Na6 20. Nxf8 Kxf8 21.
hxg5 hxg5 22. Rh8+ Ke7 23. Rxa8 Kxe6 24. Bxf6 gxf6 25. b4 Bb6 26. a4 Bc7 27. Rxa7
Be5 28. Rc1 Bf4 29. Rc2 c5 30. Rxb7 Kf5 31. g3 Be5 32. b5 Nc7 33. b6 Nd5 34. a5
Bxc3+ 35. Ke2 Bb4 36. a6 Nc3+ 37. Rxc3 Bxc3 38. a7 c4 39. a8=Q Be5 40. Rg7 c3
41. f3 Bxg3 42. Qc8+ Ke5 43. Qxc3+ Ke6 44. Qc6+ Kf5 45. Qe4# 1-0

[Event "Druzynowe Mistrzostwa Polski Juniorow - II Liga"]
[Site "Iwonicz"]
[Date "2016-07-31"]
[Round "2.67"]
[White "Guzik, Natalia"]
[Black "Stochnialek, Dominika"]
[Result "1-0"]
[WhiteTitle "I++"]
[BlackTitle "I"]
[WhiteElo "1608"]
[BlackElo "1439"]

1. e4 c5 2. Nf3 d6 3. d4 cxd4 4. Nxd4 Nf6 5. Nc3 g6 6. Be3 Bg7 7. f3 O-O 8. Qd2
Nc6 9. Bc4 Bd7 10. O-O-O Rb8 11. h4 Ne5 12. Bb3 h5 13. Bh6 b5 14. Bxg7 Kxg7 15.
g4 hxg4 16. h5 Rh8 17. hxg6 Nxg6 18. Nf5+ Kg8 19. Rxh8+ Nxh8 20. Qg5+ Ng6 21.
Qxg6+ Kf8 22. Qxf7# 1-0

[Event "Druzynowe Mistrzostwa Polski Juniorow - II Liga"]
[Site "Iwonicz"]
[Date "2016-07-31"]
[Round "2.68"]
[White "Kus, Aleksander"]
[Black "Bakalarczyk, Jakub"]
[Result "1-0"]
[WhiteTitle "I"]
[BlackTitle "I"]
[WhiteElo "1818"]
[BlackElo "1591"]

1. e4 c6 2. d4 d5 3. Nc3 dxe4 4. Nxe4 Nd7 5. Ng5 Ngf6 6. Bd3 e6 7. Qe2 Bd6 8. N1f3
h6 9. Ne4 Nxe4 10. Qxe4 Nf6 11. Qh4 Rg8 12. Nd2 Bc7 13. Nc4 Nd5 14. Qxd8+ Kxd8
15. c3 Ke7 16. Ne5 f6 17. Ng6+ Kf7 18. O-O b5 19. a4 Bb7 20. h4 h5 21. Bd2 a6
22. b3 Ne7 23. Nxe7 Kxe7 24. Bg6 Rh8 25. Rfe1 Bc8 26. Re2 Kf8 27. axb5 cxb5 28.
c4 bxc4 29. Bb4+ Kg8 30. d5 Rh6 31. d6 Rxg6 32. dxc7 Ra7 33. Ba5 cxb3 34. Rd2
Kf7 35. Rd8 Ra8 36. Rb1 Rg4 37. Rxb3 1-0

[Event "Druzynowe Mistrzostwa Polski Juniorow - II Liga"]
[Site "Iwonicz"]
[Date "2016-07-31"]
[Round "2.69"]
[White "Jagura, Norbert"]
[Black "Poltorak, Sebastian"]
[Result "0-1"]
[WhiteTitle "II"]
[BlackTitle "I"]
[WhiteElo "1505"]
[BlackElo "1707"]

1. e4 c6 2. d4 d5 3. Nc3 dxe4 4. Nxe4 Bf5 5. Ng3 Bg6 6. Nh3 Nf6 7. Nf4 e5 8. Nxg6
hxg6 9. Be3 Nbd7 10. c3 Bd6 11. dxe5 Nxe5 12. Be2 Nd5 13. Qd4 Qe7 14. O-O-O f5
15. h4 Rd8 16. h5 f4 17. hxg6 Rf8 18. Ne4 fxe3 19. fxe3 Bc7 20. c4 Nf4 21. Qxa7
Nxe2+ 22. Kb1 Nxc4 23. Qxb7 Qxe4+ 24. Ka1 Nxe3 25. Rxd8+ Bxd8 26. Rh8 Nc2+ 0-1

[Event "Druzynowe Mistrzostwa Polski Juniorow - II Liga"]
[Site "Iwonicz"]
[Date "2016-07-31"]
[Round "2.70"]
[White "Ullrich, Karol"]
[Black "Wojtasik, Szymon"]
[Result "0-1"]
[WhiteTitle "II"]
[BlackTitle "II"]
[WhiteElo "1211"]
[BlackElo "1240"]

1. e4 c5 2. Nf3 Nc6 3. Bd3 g6 4. c3 Bg7 5. Bc2 Nf6 6. O-O d6 7. d4 cxd4 8. cxd4
Bg4 9. Be3 O-O 10. h3 Bd7 11. Nc3 e6 12. Re1 d5 13. e5 Ne8 14. Qd2 Qb6 15. a3
Na5 16. Bh6 Nc4 17. Qc1 Qxb2 18. Qxb2 Nxb2 19. Bxg7 Nxg7 20. Reb1 Nc4 21. Rxb7
Nb6 22. Rc1 Ne8 23. Na4 Bxa4 24. Bxa4 Nxa4 25. Rb4 Nb6 26. Nd2 Ng7 27. a4 Rfc8
28. Rcb1 Rc2 29. Nb3 Rc4 30. Nc5 Rxb4 31. Rxb4 Nf5 32. a5 Nc4 33. Nb3 Ne7 34.
Rb7 Nc6 35. a6 Rb8 36. Nc5 Rxb7 37. axb7 Nb8 38. Kf1 a5 39. Ke2 Kf8 40. Kd3 Ke7
41. Kc3 Kd8 42. Kb3 Nb6 43. Ka3 Kc7 44. f4 N6d7 45. Ka4 Nxc5+ 46. dxc5 Kxb7 47.
Kxa5 Kc6 48. Kb4 Na6+ 0-1

[Event "Druzynowe Mistrzostwa Polski Juniorow - II Liga"]
[Site "Iwonicz"]
[Date "2016-07-31"]
[Round "2.71"]
[White "Bakalarczyk, Zuzanna"]
[Black "Andrzejewska, Maja"]
[Result "1/2-1/2"]
[WhiteTitle "I"]
[BlackTitle "II"]
[WhiteElo "1312"]
[BlackElo "1298"]

1. e4 c5 2. Nf3 Nc6 3. Bb5 d6 4. Bxc6+ bxc6 5. h3 g6 6. O-O Bg7 7. c3 e5 8. d4
cxd4 9. cxd4 Bb7 10. Nc3 Ne7 11. dxe5 dxe5 12. Qc2 O-O 13. Be3 Qc8 14. Rfd1 c5
15. Nb5 a6 16. Nd6 Qc6 17. Qxc5 Rab8 18. Rac1 Qa4 19. Qc4 Qxc4 20. Rxc4 Nc8 21.
Nxb7 Rxb7 22. b3 Ne7 23. Rd6 Ra8 24. Bg5 h6 25. Bf6 Bxf6 26. Rxf6 Kg7 27. Rd6
f6 28. Ne1 a5 29. Nd3 Kf7 30. Nb2 Kg7 31. Na4 Kf7 32. Nc3 Kg7 33. Nd5 Nxd5 34.
Rxd5 Ra6 35. Kf1 g5 36. Ke2 a4 37. bxa4 Rba7 38. a5 Rxa5 39. Rxa5 Rxa5 40. a4
Kf7 41. Kd2 Ke6 42. f3 Kd6 43. Kc3 Ra6 44. Kb3 Kd7 45. Rc2 Kd6 46. Ka3 Kd7 47.
Kb4 Rb6+ 48. Ka3 Ra6 49. Rc4 Rd6 50. Rc2 Ra6 51. g3 Rd6 52. Rc3 Ra6 53. Rd3+ Kc7
54. Rc3+ Kb7 55. Rc5 Rd6 56. Rd5 Rc6 57. Rb5+ Kc7 1/2-1/2

[Event "Druzynowe Mistrzostwa Polski Juniorow - II Liga"]
[Site "Iwonicz"]
[Date "2016-07-31"]
[Round "2.72"]
[White "Roszkiewicz, Anna"]
[Black "Matyjasek, Michalina"]
[Result "0-1"]
[WhiteTitle "I"]
[BlackTitle "II"]
[WhiteElo "1445"]
[BlackElo "1199"]

1. e4 c5 2. Nf3 Nc6 3. d4 cxd4 4. Nxd4 g6 5. c4 Bg7 6. Be3 Nf6 7. Nc3 Ng4 8. Qxg4
Nxd4 9. Qd1 e5 10. Be2 O-O 11. O-O d6 12. Qd2 Be6 13. Bxd4 exd4 14. Nb5 Qb6 15.
Rfd1 Rac8 16. Rac1 d3 17. Bxd3 a6 18. Nc3 Bxc4 19. Bxc4 Rxc4 20. Nd5 Qb5 21. Ne7+
Kh8 22. Rxc4 Qxc4 23. Qxd6 Qxe4 24. Nd5 Re8 25. Ne3 Bxb2 26. Qd5 Qxd5 27. Rxd5
Bc1 28. Rd3 Bxe3 29. fxe3 Kg7 30. Kf2 Re4 31. Ra3 Rc4 32. Kf3 Kf6 33. Ra5 Ke6
34. h3 f5 35. g4 h6 36. Kg3 Rc3 37. Kf3 Rc4 38. Kg3 Rb4 39. Kf3 Rb5 40. Ra4 a5
41. Kg3 b6 42. Kf3 Ke5 43. gxf5 Kxf5 44. Rf4+ Ke5 45. Re4+ Kf6 46. Ra4 Rb4 47.
Ra3 Ke5 48. Rc3 a4 49. Rc6 Kf5 50. Rc2 a3 51. Rc3 Ra4 52. Rb3 Ra6 53. Rb5+ Ke6
54. Rb3 Kd5 55. h4 Kc4 56. e4 b5 57. Kf4 b4 0-1

[Event "Druzynowe Mistrzostwa Polski Juniorow - II Liga"]
[Site "Iwonicz"]
[Date "2016-07-31"]
[Round "2.73"]
[White "Hladun, Bartlomiej"]
[Black "Mrozowski, Patryk"]
[Result "0-1"]
[WhiteTitle "II"]
[BlackTitle "I++"]
[WhiteElo "1469"]
[BlackElo "1901"]

1. e4 c5 2. Nf3 e6 3. d4 cxd4 4. Nxd4 a6 5. c4 Qc7 6. Bd3 Nf6 7. O-O Be7 8. Be3
d6 9. Nc3 Nbd7 10. f3 b6 11. Qd2 Bb7 12. Rac1 Rc8 13. Rfd1 Qb8 14. Bf1 Bd8 15.
h3 Bc7 16. Kh1 Qa8 17. b3 O-O 18. Nc2 Rfd8 19. Bf4 Nf8 20. Ne3 Ng6 21. Bh2 h6
22. Qf2 Ne7 23. Ng4 Nxg4 24. hxg4 Qb8 25. Qh4 Ng6 26. Qh5 Rd7 27. g5 hxg5 28.
Qxg5 Bd8 29. Qe3 Rc5 30. Qf2 Rh5 31. Kg1 Bc8 32. a4 b5 33. Kh1 Bb6 34. Qa2 Be3
35. Rc2 d5 36. g4 Rh4 37. exd5 Bb7 38. Rd3 Bf4 39. axb5 axb5 40. Rf2 Ne5 41. Qc2
Nxd3 42. Bxd3 bxc4 43. bxc4 exd5 44. c5 Be3 45. Re2 Bxc5 46. Na4 Bd6 47. Bb5 Rd8
48. Kg1 Qa7+ 49. Kf1 Rxh2 50. Rxh2 Bxh2 51. Qxh2 Ba6 52. Qe2 Bxb5 53. Qxb5 Rb8
54. Qc6 Qe3 55. Qxd5 Rb1+ 56. Kg2 Rg1+ 57. Kh3 Qh6+ 58. Qh5 Rh1+ 59. Kg2 Rxh5
0-1

[Event "Druzynowe Mistrzostwa Polski Juniorow - II Liga"]
[Site "Iwonicz"]
[Date "2016-07-31"]
[Round "2.74"]
[White "Chodorowski, Adrian"]
[Black "Pawletko, Szymon"]
[Result "0-1"]
[WhiteTitle "II"]
[BlackTitle "II+"]
[WhiteElo "1334"]
[BlackElo "1543"]

1. c4 e5 2. Nc3 Nf6 3. g3 d5 4. cxd5 Nxd5 5. Bg2 Be6 6. Nf3 Nc6 7. O-O Be7 8. d3
O-O 9. Bd2 Qd7 10. Re1 f6 11. b3 Rad8 12. Qc2 Nxc3 13. Bxc3 Nd4 14. Nxd4 exd4
15. Bd2 c5 16. Rab1 Bd5 17. Bxd5+ Qxd5 18. Qc4 Qxc4 19. bxc4 b6 20. a4 Rb8 21.
Rb2 Bd6 22. Reb1 Rfe8 23. Kf1 Kf7 24. a5 bxa5 25. Rxb8 Rxb8 26. Rxb8 Bxb8 27.
Bxa5 Ke6 28. e3 Bd6 29. exd4 cxd4 30. Ke2 f5 31. Kd2 g5 32. h3 h5 33. Kc2 g4 34.
hxg4 hxg4 35. Bd2 Kd7 36. Kb3 Kc6 37. Ka4 Kb6 38. Bg5 Kc5 39. Ka5 Bc7+ 40. Ka6
Kb4 41. Kxa7 Kc3 42. Kb7 Be5 43. c5 Kxd3 44. c6 Ke2 45. Bf6 d3 46. Bxe5 d2 47.
c7 d1=Q 48. c8=Q Qd5+ 49. Qc6 Qxe5 50. Qc2+ Kf3 51. Qd2 Qb5+ 52. Kc8 Qc5+ 53.
Kd7 Qxf2 54. Qd3+ Kg2 55. Ke6 Qf3 56. Qd6 Qxg3 57. Qd2+ Qf2 58. Qd5+ Kg3 59. Qd6+
f4 60. Kf5 Qc2+ 61. Kg5 Qe4 62. Qc5 Qe3 63. Qd6 Qe4 64. Qc5 Kg2 65. Kxg4 f3+ 66.
Kg5 f2 0-1

[Event "Druzynowe Mistrzostwa Polski Juniorow - II Liga"]
[Site "Iwonicz"]
[Date "2016-07-31"]
[Round "2.75"]
[White "Mackowiak, Filip"]
[Black "Jaszczuk, Mateusz"]
[Result "0-1"]
[WhiteTitle "II+"]
[BlackTitle "II"]
[WhiteElo "1428"]
[BlackElo "1337"]

1. e4 c5 2. Nf3 Nc6 3. d4 cxd4 4. Nxd4 g6 5. c4 Bg7 6. Be3 d6 7. Qd2 Nf6 8. Nc3
Ng4 9. Nxc6 bxc6 10. Bd4 Nf6 11. Be2 O-O 12. f4 Bb7 13. Bf3 a5 14. g4 Nd7 15.
Bxg7 Kxg7 16. h4 Qc7 17. h5 f6 18. g5 fxg5 19. f5 h6 20. hxg6 Nf6 21. O-O-O Rab8
22. Ne2 Bc8 23. Ng3 d5 24. Nh5+ Nxh5 25. Rxh5 Qe5 26. cxd5 cxd5 27. exd5 Bxf5
28. Re1 Rfc8+ 29. Kd1 Qf6 30. Re2 Bc2+ 31. Ke1 Rxb2 32. Rh3 Bf5 33. Qxb2 Qxb2
34. Rxb2 Bxh3 35. Rb5 Kxg6 36. Rxa5 g4 37. Be4+ Kf6 38. Ra6+ Kg5 39. Rg6+ Kf4
40. Re6 Rc7 41. a4 h5 42. a5 g3 43. Rc6 Ra7 44. Bh1 g2 45. Bxg2 Bxg2 46. Rc8 Bxd5
47. Rf8+ Kg4 48. Re8 e6 49. Rg8+ Kh3 50. Rh8 h4 51. Rg8 Rxa5 52. Kf2 Ra2+ 53.
Kf1 Kh2 54. Rg5 Bg2+ 55. Ke1 Kg1 0-1

[Event "Druzynowe Mistrzostwa Polski Juniorow - II Liga"]
[Site "Iwonicz"]
[Date "2016-07-31"]
[Round "2.76"]
[White "Gazda, Dominik"]
[Black "Sulima, Franciszek"]
[Result "1-0"]
[WhiteTitle "II"]
[BlackTitle "II"]
[WhiteElo "1223"]
[BlackElo "1215"]

1. e4 e6 2. Nf3 d5 3. exd5 exd5 4. d4 Bd6 5. Bd3 Nc6 6. c3 Nge7 7. Be3 Bg4 8. Nbd2
Qd7 9. Qc2 O-O-O 10. b4 Nf5 11. b5 Na5 12. O-O h6 13. h3 Nxe3 14. fxe3 Be6 15.
Nb3 b6 16. Nxa5 bxa5 17. Qa4 Kb8 18. Qxa5 g5 19. Ne5 Bxe5 20. dxe5 Bxh3 21. Rf3
Be6 22. Qa6 Qc8 23. Rb1 h5 24. Qxc8+ Kxc8 25. Bf5 Rh6 26. Rbf1 Rd7 27. Bxe6 Rxe6
28. Rf5 Rde7 29. Rxg5 Rxe5 30. Rxe5 Rxe5 31. Rxf7 Rxe3 32. Rf5 Rxc3 33. Rxd5 Rc2
34. Rxh5 Rxa2 35. g4 a5 36. bxa6 Rxa6 37. Rf5 Ra2 38. g5 Kd7 39. Kf1 Rc2 40. g6
Ke7 41. g7 Rc1+ 42. Kg2 Rc2+ 43. Kf3 Rc3+ 44. Kf4 Rc4+ 45. Kg5 Rc1 46. Kg6 Rc6+
47. Kh7 Rc1 48. g8=Q Rh1+ 49. Kg6 1-0